Abrege De Phonetique Historique (Record no. 60491)
[ view plain ]
| 000 -LEADER | |
|---|---|
| fixed length control field | 00636nam a22002057a 4500 |
| 005 - DATE & TIME | |
| control field | 20260302123322.0 |
| 008 - FIXED-LENGTH DATA ELEMENTS--GENERAL INFORMATION | |
| fixed length control field | 260302b |||||||| |||| 00| 0 eng d |
| 020 ## - ISBN | |
| International Standard Book Number | 9783111312750 |
| Price | 2640.71 |
| 040 ## - CATALOGING SOURCE | |
| Original cataloging agency | Doon University |
| 041 ## - Language | |
| Language | French |
| 082 ## - DDC NUMBER | |
| Classification number | 414 |
| Book Number | SCH |
| 100 ## - MAIN ENTRY--PERSONAL NAME | |
| Personal name | Scheer, Tobias |
| 245 ## - TITLE STATEMENT | |
| Title | Abrege De Phonetique Historique |
| Sub Title | : Manual Pour la Preparation A Lepreuve Dancien Francais de Lagregation de Lettres Modernes |
| 260 ## - PUBLICATION, DISTRIBUTION, ETC. (IMPRINT) | |
| Place of publication, distribution, etc | Berlin |
| Name of publisher, distributor, etc | De Gruyter |
| Date of publication, distribution, etc | 2025 |
| 300 ## - PHYSICAL DESCRIPTION | |
| Pages | 274 |
| 650 ## - Subject | |
| Subject | French Language |
| 700 ## - Added Entry Personal Name | |
| Added Entry Personal Name | Segeral, Philippe |
| 700 ## - Added Entry Personal Name | |
| Added Entry Personal Name | Barbance, Celine Guillot |
| 942 ## - ADDED ENTRY ELEMENTS (KOHA) | |
| Koha item type | Books |
| 100 ## - MAIN ENTRY--PERSONAL NAME | |
| -- | 26455 |
| 650 ## - Subject | |
| -- | 20 |
| 700 ## - Added Entry Personal Name | |
| -- | 26456 |
| 700 ## - Added Entry Personal Name | |
| -- | 26457 |
| 952 ## - LOCATION AND ITEM INFORMATION (KOHA) | |
| -- | 2026-03-02 |
| 952 ## - LOCATION AND ITEM INFORMATION (KOHA) | |
| -- | 2026-03-02 |
| 952 ## - LOCATION AND ITEM INFORMATION (KOHA) | |
| -- | 2026-03-02 |
| 952 ## - LOCATION AND ITEM INFORMATION (KOHA) | |
| -- | 2026-03-02 |
| Withdrawn status | Lost status | Source of classification or shelving scheme | Damaged status | Not for loan | Location (home branch) | Sublocation or collection (holding branch) | Date acquired | Koha full call number | Accession No. | Koha date last seen | Koha item type | Koha issues (times borrowed) |
|---|---|---|---|---|---|---|---|---|---|---|---|---|
| Not For Loan | Doon University | Doon University | 02.03.2026 | 414 SCH | 53256 | 02.03.2026 | Reference | |||||
| Doon University | Doon University | 02.03.2026 | 414 SCH | 53257 | 02.03.2026 | Books | ||||||
| Doon University | Doon University | 02.03.2026 | 414 SCH | 53258 | 02.03.2026 | Books | ||||||
| Doon University | Doon University | 02.03.2026 | 414 SCH | 53259 | 02.03.2026 | Books |